| 000 | 00739nam a2200193 u 4500 | ||
|---|---|---|---|
| 001 | 000249731 | ||
| 003 | AM-YeHGA | ||
| 005 | 20250618071656.0 | ||
| 008 | 030715s1953 ai r 000 0 arm d | ||
| 040 | _aAM-YeHGA | ||
| 245 | 1 | 0 |
_aԿենդանաբանություն : _bԴասագիրք միջն. դպր. 6-7 դաս. համար / _cՎ.Ֆ. Շալաև, Ն.Ա. Ռիկով; Թարգմ.՝ Ռ. Աթայան. |
| 250 | _a4-րդ հրատ. | ||
| 260 |
_aԵրևան : _bՀայպետհրատ, _c1953. |
||
| 300 |
_a379 էջ ; _c21 սմ. |
||
| 650 | 1 | 4 |
_aԿենդանաբանություն _vԴասագիրք |
| 700 | 1 | _aՌիկով, Ն.Ա. | |
| 700 | 1 |
_aԱթայան, Ռաֆայել Արշակի, _d1907-1990 _eթարգմ. _4trl _91123 |
|
| 090 | _c90649 | ||
| 999 |
_c89362 _d89362 |
||